|
|
|
|
| LEADER |
00638nta a2200169 i 4500 |
| 001 |
dipl87906 |
| 005 |
20200623094450.0 |
| 008 |
200525s1971 hu om 0|| zxx d |
| 040 |
|
|
|a SZTE Diploma Repozitórium
|b hun
|
| 041 |
|
|
|a zxx
|
| 100 |
1 |
|
|a Dósa Mária
|
| 245 |
1 |
2 |
|a A munka teljesítményét befolyásoló tényezők vizsgálata
|h [elektronikus dokumentum] :
|b a munka teljesítményének alakulása a két műszakban /
|c Mária Dósa
|
| 260 |
|
|
|c 1971
|
| 650 |
|
4 |
|a Társadalomtudomány
|
| 650 |
|
4 |
|a Psychology
|
| 700 |
1 |
|
|a nincs megadva
|e ths
|
| 856 |
4 |
0 |
|u http://diploma.bibl.u-szeged.hu/id/eprint/87906/1/1971_dosa_maria.pdf
|z Dokumentum-elérés
|